1HGGSP : La Démocratie : Introduction - Statistiques

Statistiques générales
  • Ce quiz a été pris 35 fois
  • Le résultat moyen est 4 sur 7
Statistiques - réponses
Questions Réponses % Correct
VRAI-FAUX : Les élections sont absentes dans ce type de régime. Faux
79%
Citez trois principes fondamentaux à la démocratie Libertés publiques
75%
Qui est le premier ministre hongrois ? Viktor Orban
58%
Selon la formule de Lincoln, qu'est-ce que la démocratie ? « le gouvernement du peuple, par le peuple, pour le peuple »
42%
Quel adjectif accompagne le terme "démocratie" pour qualifier son régime politique ? illibérale
38%
Citez trois principes fondamentaux à la démocratie Alternance politique
33%
Citez trois principes fondamentaux à la démocratie Souveraineté du peuple
29%
Aucun quiz correspondant
Distribution des résultats
% des personnes avec chaque résultat
Percentile par nombre de réponses
Votre historique - résultats
Vous n’avez pas pris ce quiz